000 00544nam a2200217Ia 4500
003 OSt
005 20230421150539.0
008 210423s2012 xx 000 0 und d
020 _a9788131718827
040 _cAL
041 _aeng
082 _a511.6
_223
_bBRUR
100 _aBRUALDI (Richard A).
_991613
245 _aIntroductory combinatorics.
250 _a4
260 _aNew Delhi
_bPearson Education Pvt Ltd
_c2012
300 _aix,630
_bPB
365 _b499
_cINR
906 _acombinatorics. ; Introductory
942 _2ddc
_cBK
999 _c160891
_d160891